000 nam a22 7a 4500
999 _c9238
_d9238
008 180124b ||||| |||| 00| 0 eng d
100 _aSingh P N
_95497
245 _aMental Quest in Mathematics - 6
260 _aNew Delhi
_bArya Publication
_c1992